[Event "BCF-ch U11"]
[Site "Hull"]
[Date "2018.07.28"]
[Round "6"]
[White "Clarkson, George"]
[Black "Auchi, Nadhmi"]
[Result "0-1"]
[WhiteElo "142"]
[BlackElo "145"]
[PlyCount "84"]
[EventDate "2018.07.27"]
[EventType "swiss"]
[EventRounds "6"]
[EventCountry "ENG"]
[SourceTitle "CBM 186 Extra"]
[Source "ChessBase"]
[SourceDate "2018.08.24"]
[SourceVersion "1"]
[SourceVersionDate "2018.08.24"]
[SourceQuality "1"]

1. e4 e6 2. d4 d5 3. Bd3 c5 4. exd5 exd5 5. dxc5 Bxc5 6. Nf3 Nc6 7. 0-0 Nge7 8. Re1 0-0 9. Bxh7+ Kxh7 10. Ng5+ Kg8 11. Qh5 Bf5 12. Be3 Bg6 13. Qh3 Bxe3 14. Qxe3 Nf5 15. Qd2 Nfd4 16. Na3 Nxc2 17. Nxc2 Bxc2 18. Rac1 Bg6 19. Rc3 Qa5 20. Qf4 Rfe8 21. Rf1 Qb4 22. Qc7 Re7 23. Qg3 Nd4 24. Qh3 Ne2+ 25. Kh1 Nxc3 26. bxc3 Qf4 27. Nf3 Bf5 28. Qg3 Qxg3 29. fxg3 Rae8 30. h3 Re2 31. Kh2 Rxa2 32. Nd4 Be4 33. Rg1 Rc8 34. Nb5 a6 35. Nd4 Rxc3 36. g4 Rd3 37. Nf5 Bxf5 38. gxf5 Rdd2 39. Kg3 Rxg2+ 40. Rxg2 Rxg2+ 41. Kxg2 a5 42. Kf2 a4 0-1

[Event "BCF-ch U11"]
[Site "Hull"]
[Date "2018.07.27"]
[Round "2"]
[White "Srikanta Prasad, Suyash"]
[Black "Auchi, Nadhmi"]
[Result "0-1"]
[WhiteElo "107"]
[BlackElo "145"]
[PlyCount "142"]
[EventDate "2018.07.27"]
[EventType "swiss"]
[EventRounds "6"]
[EventCountry "ENG"]
[SourceTitle "CBM 186 Extra"]
[Source "ChessBase"]
[SourceDate "2018.08.24"]
[SourceVersion "1"]
[SourceVersionDate "2018.08.24"]
[SourceQuality "1"]

1. e4 e6 2. d4 d5 3. exd5 exd5 4. Nc3 Nf6 5. Bg5 c6 6. Nf3 Bd6 7. Bd3 Bg4 8. Be2 Nbd7 9. 0-0 Qc7 10. Re1 0-0-0 11. h3 Bf5 12. Bd3 Bxd3 13. Qxd3 h6 14. Be3 g5 15. Ne2 g4 16. hxg4 Nxg4 17. Qf5 Nxe3 18. fxe3 f6 19. Nf4 Bxf4 20. Qxf4 Rde8 21. Qxc7+ Kxc7 22. Kf2 f5 23. Nh4 Rhf8 24. Ng6 Rg8 25. Nf4 Nf6 26. Re2 Re7 27. Rae1 Ne4+ 28. Kg1 Kd7 29. c3 Ke8 30. Rc2 b5 31. a3 Kf7 32. Kh2 Rge8 33. Rce2 Rg8 34. Rc2 Nf6 35. Rce2 Ng4+ 36. Kg1 Rge8 37. Nd3 Kf6 38. Nb4 Re6 39. Na6 R8e7 40. Nc5 Rxe3 41. Rxe3 Rxe3 42. Rxe3 Nxe3 43. Nd3 Ke6 44. Kf2 Ng4+ 45. Kf3 a5 46. Nc5+ Ke7 47. Kf4 Kf6 48. Nb7 a4 49. Nd8 Nf2 50. Nxc6 Nd3+ 51. Ke3 Nxb2 52. Nb4 Nc4+ 53. Kd3 Ke6 54. Nc2 f4 55. Ke2 Kf5 56. Kf3 Nd2+ 57. Ke2 Nc4 58. Kf3 h5 59. Nb4 Nxa3 60. Nxd5 Nc2 61. Nxf4 a3 62. Nd3 a2 63. Nb4 Nxb4 64. cxb4 a1Q 65. d5 Qd1+ 66. Kf2 Qxd5 67. Kf1 Qc4+ 68. Kg1 Qc2 69. Kh1 Kg4 70. Kg1 Kg3 71. Kf1 Qd1# 0-1

[Event "London Classic op U1750 9th"]
[Site "London"]
[Date "2017.12.07"]
[Round "4"]
[White "Auchi, Nadhmi"]
[Black "Englisch, Susanne"]
[Result "1-0"]
[WhiteElo "1466"]
[BlackElo "1226"]
[PlyCount "77"]
[EventDate "2017.12.04"]
[EventType "swiss"]
[EventRounds "5"]
[EventCountry "ENG"]
[SourceTitle "CBM 182 Extra"]
[Source "ChessBase"]
[SourceDate "2018.02.23"]
[SourceVersion "1"]
[SourceVersionDate "2018.02.23"]
[SourceQuality "1"]

1. e4 d6 2. d4 Nf6 3. Nc3 g6 4. Be3 Bg7 5. h3 0-0 6. Qd2 b6 7. 0-0-0 Bb7 8. f3 Nbd7 9. g4 h5 10. Bh6 c5 11. dxc5 Nxc5 12. Bc4 a6 13. a3 Qd7 14. Qg5 Ne6 15. Bxe6 Qxe6 16. Bxg7 Kxg7 17. Nge2 Nh7 18. Qh4 Qe5 19. gxh5 Qg5+ 20. Qxg5 Nxg5 21. hxg6 fxg6 22. Nd4 e5 23. Nde2 Rad8 24. Nd5 Bxd5 25. exd5 Rxf3 26. h4 Ne4 27. Rdf1 Rdf8 28. Rxf3 Rxf3 29. c4 Nc5 30. Kd2 e4 31. Nc3 Nb3+ 32. Ke1 e3 33. Ne4 Nd4 34. Nxd6 e2 35. Nc8 Rd3 36. Kf2 Rd1 37. Re1 Rd2 38. Ke3 Rd3+ 39. Kxd3 1-0